| 000 | 007490am a2200217 004500 | ||
|---|---|---|---|
| 003 | EG-GiCUC | ||
| 008 | 080811s1956 ua g 000 0 ara d | ||
| 040 |
_aEG-GiCUC _bara _cEG-GiCUC |
||
| 043 | _ama----- | ||
| 092 | 0 | 4 |
_a606 _bI91 _221 |
| 099 |
_a04 _a606 I91 |
||
| 110 | 2 | _aالاتحاد العلمى العربى | |
| 245 | 1 | 2 | _aالدليل العلمى العربى |
| 260 |
_aالقاهرة : _bمطبعة لجنة التأليف و الترجمة و النشر : _c1956 |
||
| 300 |
_a153ص ؛ _c24سم |
||
| 650 | 7 |
_aالعلوم _xجمعيات _zالعالم العربى |
|
| 902 | _a1 | ||
| 905 |
_aاميرة _eمدخل |
||
| 942 |
_2ddc _cBK |
||
| 999 |
_c102047 _d102047 |
||